000 00502nam a2200217 454500
001 040434
003 BD-ChCU
008 Eng
020 _a0134775058
040 _aDLC
_cDLC
_dBD-ChCU
082 0 0 _a200.1/E47i
100 1 _aEllwood, Robert S.
_bx
245 1 0 _aIntroducing religion form inside & outside
_bx
250 _ax
260 _aNew Jersy
_bPrentice-Hall
_c1978
300 _axi, 196
504 _aIncludes
650 0 _aReligion
_bReligion
700 1 _ax
942 _2ddc
_cBK
999 _c40434
_d40434